| 000 | 01053nam a22002655a 4500 | ||
|---|---|---|---|
| 003 | OSt | ||
| 005 | 20161123163453.0 | ||
| 008 | 161123s2011 ua frb 000 0 ara d | ||
| 015 | _a2010/17817 | ||
| 020 | _a9789770465377 | ||
| 040 |
_aEG-ScBUE _bara _cEG-ScBUE |
||
| 043 | _af-ua--- | ||
| 082 | 0 | 4 |
_a346.6207 _bق ل ي _222 |
| 100 | 1 | _aقليوبي، سميحة. | |
| 245 | 1 | 0 |
_aتعليق على مواد قانون التجارة المصري رقم 17 / 1999 / _cسميحة القليوبي. |
| 246 | 3 | 0 | _aقانون التجارة المصري رقم 17 / 1999 |
| 250 | _aط. 1. | ||
| 260 |
_aالقاهرة : _bدار النهضة العربية، _c2011. |
||
| 300 |
_a815 ص. ؛ _c24 سم. |
||
| 505 | 2 | _aالباب الأول : التجارة بوجه عام - أحكام عامة -- الباب الثاني : الإلتزامات والعقود التجارية المواد من (1 إلى 377) | |
| 650 | 7 |
_aالقانون التجاري _zمصر. _2BUEsh _941150 |
|
| 651 | _2BUEsh | ||
| 653 |
_bLLAAWW _cNovember2016 |
||
| 942 | _2ddc | ||
| 999 |
_c23293 _d23265 |
||